01862nam a2200445 i 450000100060000000300080000600500170001400600190003100700150005000800410006502000270010602000280013303500220016104000310018305000220021408000130023608200150024910000390026424501670030326401820047030000620065233600310071433700330074533800430077849000460082150000220086750000200088950400280090958800830093765000150102065000580103565000260109365000460111965000240116565500270118970000460121670000440126283000470130685600630135331308FINmELB20241216220640.0m o d | cr cnu||||||||230526s2022 ck a ob 001 0 spa d a9789587982770q(print) a9789587982787q(e-book) a(OCoLC)1385418151 aFINmELBbspaerdacFINmELB 4aJL1231bC266 2022 a351(720)04a351.722231 aCárdenas Denham, Sergio,eautor.10aAprender de la evidencia :busos de la información en la gestión de organizaciones educativas /cSergio Cárdenas, José Danilo González, Edgar Ramírez. 1aBogotá ; México :bUniversidad de los Andes, Escuela de Gobierno Alberto Lleras Camargo ; Ediciones Uniandes ; Centro de Investigación y Docencia Económicas CIDE,c2022. a1 recurso en línea (xx, 108 páginas) :bilustraciones atextobtxt2rdacontent/spa acomputadorabc2rdamedia/spa arecurso en líneabcr2rdacarrier/spa1 aInvestigación EGOB. Gestión pública aIncluye índice. aincluye tablas. aIncluye bibliografía. aDescripción basada en metadatos suministrados por el editor y otras fuentes. 4aEvidencia. 4aInstituciones públicaszMéxicoxEstudio de casos. 4aPolítica pública. 4aSistemas de información en educación. 4aToma de decisiones. 4aLibros electrónicos.1 aGonzález Peña, José Danilo,eautor.1 aRamírez de la Cruz, Edgar E.,eautor. 0aInvestigación EGOB. Gestión pública.40uhttps://elibro.net/ereader/politecnicointernacional/229339